000 00739cam a2200229 a 4500
001 12309771
005 20180130032654.0
008 010214s2001 mduabk 001 0 eng
010 _a 2001022259
020 _a073551982X
040 _aDLC
_cDLC
_dDLC
041 _aeng
043 _an-us---
080 _a347.735 GLA
082 0 0 _a347.735 GLA
_221
100 1 _a14
101 _aJUR
245 1 0 _aCivil procedure :
_cJoseph W. Glannon.
906 _a7
_bcbc
_corignew
_d1
_eocip
_f20
_gy-gencatlg
942 _2ddc
_cBK
999 _c41208
_d41208